Politics, leadership, and justice (Registro nro. 91294)

Detalles MARC
000 -ENCABEZADO
Número de control [NR] 01237nam a22002297a 4500
005 - FECHA Y HORA DE LA ÚLTIMA TRANSACCIÓN
control field 20250425085535.0
008 - DE LONGITUD FIJA DE DATOS DE ELEMENTOS - INFORMACIÓN GENERAL
Elementos de longitud fija [NR] 130821s1998 xxu gr eng
020 ## - NUMERO INTERNACIONAL NORMALIZADO PARA LIBROS [R]
Número Internacional Normalizado del libro [NR] 1880323818
040 ## - FUENTE DE CATALOGACION [NR]
Agencia de catalogación original [NR] Co-BoUCM
Idioma de catalogación [NR] spa
Quien Cataloga David Moreno (modificó)
Quien Clasifica David Moreno (modificó)
041 00 - CODIGO DE IDIOMA [R]
Código de idioma para texto/pista de sonido o título separado [R] Inglés
245 00 - MENCION DE TITULO [NR]
Título [NR] Politics, leadership, and justice
260 ## - PUBLICACION, DISTRIBUCION, ETC. (PIE DE IMPRENTA) [R]
Lugar de publicación, distribución, etc. [R] Chicago (Illinois, estados Unidos)
Nombre del editor, distribuidor, etc. [R] Great Books Foundation
Fecha de publicación, distribución, etc. [R] c1998
300 ## - DESCRIPCION FISICA [R]
Extensión [R] xiii, 454 páginas
490 #4 - MENCION DE SERIE [R]
Mención de serie [R] The Great Books Foundation 50th anniversary series
505 0# - NOTA DE CONTENIDO CON FORMATO PREESTABLECIDO [R]
Nota de contenido con formato preestablecido [NR] Second inaugural address / Abraham Lincoln -- Letter from Birmingham jail / Martin Luther King, Jr. -- Sorrow-acre / Isak Dinesen -- Kongi's harvest / Wole Soyinka -- The Melian dialogue / Thucydides -- Julius Caesar / William Shakespeare -- Longing / Amos Oz -- Poetry / Lao-tzu -- Questions for Age of iron / J.M. Coetzee -- Questions for Paradise of the blind / Duong Thu Huong.
650 04 - ASIENTO SECUNDARIO DE MATERIA - TERMINO TEMATICO [R]
Término temático o nombre geográfico como elemento de entrada [NR] Lectura colectiva
9 (RLIN) 18309
Subdivisión general [R] Ingles
650 04 - ASIENTO SECUNDARIO DE MATERIA - TERMINO TEMATICO [R]
Término temático o nombre geográfico como elemento de entrada [NR] Literatura
9 (RLIN) 18599
Subdivisión general [R] Receptividad critica en lectores
650 04 - ASIENTO SECUNDARIO DE MATERIA - TERMINO TEMATICO [R]
Término temático o nombre geográfico como elemento de entrada [NR] Literatura
9 (RLIN) 18599
Subdivisión general [R] Comprensión lectora y escritura
710 2# - ASIENTO SECUNDARIO - NOMBRE CORPORATIVO [R]
Nombre corporativo o de jurisdicción como elemento de entrada [NR] Great Books Foundation (U.S.)
9 (RLIN) 153137
942 ## - ELEMENTOS DE ENTRADA AGREGADOS (KOHA)
Tipo de ítem principal el descrito en 300a Libro
Tema principal Literatura
Edición 1
Parte restante de la signatura top. P769
Sistema de clasificación DEWEY
Clasificación 808.8
Título oculto en OPAC No
Existencias
Fecha de último préstamo Total préstamos Signatura topográfica Código de barras Última vez visto Ejemplar Price effective from Tipo de ítem Nota pública (OPAC) Perdido Sistema de clasificación Dañado No prestable Tipo de ítem específico Suprimido Ubicación habitual Ubicación actual Localización Fecha de creación Forma de adquisición Costo
13/04/2023 1 808.8 P769 100080907 03/12/2025 Ej.1 03/02/2013 Libro ASK   DEWEY     Libro   Claustro Claustro 4to piso 28/02/2013 Compra 10.95